| 000 | 00802nam a2200217 i 4500 | ||
|---|---|---|---|
| 001 | 86099 | ||
| 003 | ES-MaACL | ||
| 007 | t| | ||
| 008 | 041207s1953 ne ||||1| fre d | ||
| 100 | 1 |
_aKerkhof, F. _967904 |
|
| 245 | 1 | 0 |
_aTélévision _b: une introduction aux principes physiques et techniques de la télévisión / _cpar F. Kerkhof et W. Werner ; avec un avant-propos de G.A. Boutry ; [traduit par J.F. Marchand]. |
| 260 |
_a[Eindhoven : _bN.V. Philips, _c1953] |
||
| 300 |
_aXV, 476 p., 10 lám. : _bil. ; _c23 cm. |
||
| 490 | 1 | _aBibliothèque techique Philips | |
| 700 | 1 |
_aWerner, W. _9116509 |
|
| 700 | 1 |
_aBoutry, G. A. _931067 |
|
| 700 | 1 |
_aMarchand, J. F. _976410 |
|
| 830 | 0 |
_aBibliothèque techique Philips _9231740 |
|
| 852 |
_aES-MaACL _jC-9070 _bR.37239 |
||
| 999 |
_c86099 _d86099 |
||